000 00325nam a2200133Ia 4500
008 230917s9999||||xx |||||||||||||| ||und||
040 _e148460
_aMAIN
041 _aEnglish
082 _a657.48 T829F
100 _aTulsian, P.C.
245 0 _aFinancial accounting
260 _aDelhi
_bPearson Education
_c2006
942 _cBK
999 _c152631
_d152631